header

Handbook of industrial water soluble polymers (Record no. 150710)

MARC details
000 -LEADER
fixed length control field 01723nam a2200349 a 4500
082 04 - DEWEY DECIMAL CLASSIFICATION NUMBER
Classification number 668.9
245 00 - TITLE STATEMENT
Title Handbook of industrial water soluble polymers
260 ## - PUBLICATION, DISTRIBUTION, ETC. (IMPRINT)
Place of publication Oxford ;
-- Ames, Iowa :
Name of publisher Blackwell Pub.,
Year of publication 2007.
300 ## - PHYSICAL DESCRIPTION
Number of Pages x, 331 p. :
Other physical details ill.
505 0# - FORMATTED CONTENTS NOTE
Formatted contents note Introduction -- Natural thickeners -- Acrylic polymers as rheology modifiers for water-based systems -- Gelling agents -- Emulsification and encapsulation -- Polymeric flocculants -- Polymer micelles : amphiphilic block and graft copolymers as polymeric surfactants -- Applications of water-soluble dendrimers -- Preparation, properties and applications of colloidal microgels -- Industrial water-soluble polymers in packaging.
650 #0 - SUBJECT ADDED ENTRY--TOPICAL TERM
Topical Term Water-soluble polymers.
700 1# - ADDED ENTRY--PERSONAL NAME
Personal name Williams, Peter A.
856 40 - ELECTRONIC LOCATION AND ACCESS
Uniform Resource Identifier http://site.ebrary.com/lib/rucke/Doc?id=10236610

No items available.

© 2026 Rongo University
Contact us: librarian | system librarian | Rongo university